Games Released in 1999 - Statistics

General Stats
  • This quiz has been taken 2 times
  • The average score is 17 of 56
Answer Stats
Answer % Correct
Rollercoaster Tycoon
100%
Ape Escape
50%
Chrono Cross
50%
Crash Team Racing
50%
Dead or Alive 2
50%
Donkey Kong 64
50%
Driver
50%
EverQuest
50%
Final Fantasy VIII
50%
Gex 3
50%
Mario Party 2
50%
Outcast
50%
Pac-Man World
50%
Pepsiman
50%
Persona 2 Innocent Sin
50%
Pokemon Gold and Silver
50%
Pokemon Snap
50%
Pokemon Stadium
50%
Power Stone
50%
Quake III Arena
50%
Rayman 2
50%
Resident Evil 3 Nemesis
50%
Re-Volt
50%
Shadow Man
50%
Silent Hill
50%
SimCity 3000
50%
Space Channel 5
50%
Super Smash Bros
50%
System Shock 2
50%
Tekken Tag Tournament
50%
Um Jammer Lammy
50%
Unreal Tournament
50%
Beetle Adventure Racing
0%
Crazy Taxi
0%
Croc 2
0%
Grand Theft Auto 2
0%
Gran Turismo 2
0%
Harvest Moon 64
0%
Indiana Jones and the Infernal Machine
0%
Jet Force Gemini
0%
Legacy of Kain Soul Reaver
0%
Mario Golf
0%
Medal of Honor
0%
Midtown Madness
0%
Ogre Battle 64
0%
Rocket Robot on Wheels
0%
Shenmue
0%
Spyro 2
0%
Star Wars Episode I Racer
0%
Sword of the Berserk Guts' Rage
0%
Syphon Filter
0%
Team Fortress
0%
The Legend of Dragoon
0%
The Nomad Soul
0%
Threads of Fate
0%
Tony Hawk's Pro Skater
0%
No matching quizzes found
Score Distribution
Percent of People with Each Score
Percentile by Number Answered
Your Score History
You have not taken this quiz